000 00744nam a2200253Ia 4500
003 GCL
008 140319s9999 xx 000 0 ara d
040 _aGCL /
_cGCL
082 0 4 _a740
_bم ت
100 1 _aمحمد توفيق جاد
245 1 0 _aتاريخ الزخرفة /
_cمحمد توفيق جاد
260 _a[S.N] :
_bمطابع روز اليوسف ،
_c1991
300 _a275
490 _a
650 0 4 _aالعمارة الاسلامية
650 0 4 _aالفن المصرى القديم
650 0 4 _aالفن
650 0 4 _aالفن الرومانى
650 0 4 _aالزخرفة
650 0 4 _aالفن القديم
650 0 4 _aالفن البيزنطى
650 0 4 _aالفن الاسلامى
942 _2ddc
_cBK
999 _c31403
_d31403